书目信息 |
| 题名: |
计算机网络与通信初步
|
|
| 作者: | 易宏元 编著 | |
| 分册: | ||
| 出版信息: | 北京 电子工业出版社 1996 |
|
| 页数: | 183页 | |
| 开本: | 20cm | |
| 丛书名: | 中学生计算机自学丛书 | |
| 单 册: | ||
| 中图分类: | G634.67 , G633.67 | |
| 科图分类: | ||
| 主题词: | 计算机网络--中学--自学参考资料 , 计算机通信--中学--自学参考资料 , 教育--各级 | |
| 电子资源: | ||
| ISBN: | 7-5053-3620-7 | |
| 000 | 00795nam2 2200277 45 | |
| 001 | 0197030274 | |
| 005 | 20030109000221.1 | |
| 010 | @a7-5053-3620-7@dCNY9.00 | |
| 100 | @a19970911d1996 d y0chiy0121 ea | |
| 101 | 0 | @achi |
| 102 | @aCN@b110000 | |
| 105 | @ay z 000yy | |
| 106 | @ar | |
| 200 | 10 | @a计算机网络与通信初步@Aji suan ji wang luo yu tong xin chu bu@f易宏元编著 |
| 210 | @a北京@c电子工业出版社@d1996 | |
| 215 | @a183页@d20cm | |
| 225 | 2 | @a中学生计算机自学丛书 |
| 410 | 0 | @120010@a中学生计算机自学丛书 |
| 606 | @a计算机网络@x中学@x自学参考资料 | |
| 606 | @a计算机通信@x中学@x自学参考资料 | |
| 606 | 0 | @a教育@x各级 |
| 690 | @aG634.67@v3 | |
| 690 | @aG633.67 | |
| 701 | 0 | @a易宏元@Ayi hong yuan@4编著 |
| 801 | 0 | @aCN@bNLC@c19971014 |
| 905 | @f1@b274854@dG633.67@e261 | |
| 计算机网络与通信初步/易宏元编著.-北京:电子工业出版社,1996 |
| 183页;20cm.-(中学生计算机自学丛书) |
| ISBN 7-5053-3620-7:CNY9.00 |
| ● |
| 相关链接 |
|
|
|
|
正题名:计算机网络与通信初步
索取号:G633.67/261
 
预约/预借
| 序号 | 登录号 | 条形码 | 馆藏地/架位号 | 状态 | 备注 |
| 1 | 0274853 | 000620224 | 第一样本阅览室/ [索取号:G633.67/261] | 在馆 | |
| 2 | 0274854 | 001676608 | 第四借阅区/ [索取号:G633.67/261] | 在馆 |